000 00525 a2200157 4500
999 _c8573
_d8573
020 _a0521000635 (pbk.)
050 0 0 _aB720 MCG 2003
245 0 4 _aThe Cambridge companion to medieval philosophy /
_cedited by A.S. McGrade.
264 _aCambridge:
_bCambridge University Press,
_c2003
300 _axviii, 405 p. ;
500 _aIncludes index
504 _aIncludes bibliographical references (p. 360-397) and index.
650 0 _aPhilosophy, Medieval.
700 1 _aMcGrade, Arthur Stephen.
942 _2lcc
_cREF
_h720
_iMCG
_kB